000 00691nam a2200253Ia 4500
003 OSt
005 20221006145013.0
006 a|||||r|||| 00| 0
007 ta
008 221006b |||||||| |||| 00| 0 eng d
020 _c150.00
024 _a13,471
037 _cTextual
040 _aEASL
_cEASL
_beng
041 _2eng
_aeng
082 _aV445:194.N8, M6
100 _aDAS Rabindra K
_9653314
245 0 _aNepal and its neighbours
_b Quest for status of a landlocked state
260 _aBhubaneswar
_bKonark Pub.
_c1986
300 _a239p.
_ccm.
490 _v Oth
942 _hV445:194.N8, M6
_cTEXL
_2CC
999 _c1081557
_d1081557